000 01205nam0a2200325 4500
001 RU\NLR\bibl\1454795
005 20250615232858.0
010 _a978-5-9551-0368-6
_9800
021 _aRU
_b2009-105141
_96695
035 _a(NLR Aleph) 001446603
090 _a1496571
_c1496571
100 _a20091218d2009 |||y0rusy50 ca
101 0 _arus
102 _aRU
105 _aa |||||||||
200 1 _aИсследования в области русской просодии
_fС.В. Кодзасов
210 _aМосква
_cЯзыки славянских культур
_cИздатель А. Кошелев
_d2009
215 _a491 с.
_cил.
_d25
225 1 _aStudia philologica
300 _aНа 4-й с. обл. авт.: д.филол.н. С.В. Кодзасов
320 _aБиблиогр. в подстроч. примеч.
606 1 _aРусский язык
_xПросодия
_91553634
_3RU\NLR\auth\66979528
686 _aШ141.12-122
700 1 _aКодзасов
_bС. В.
_f1938-
_gСандро Васильевич
_4070
801 0 _aRU
_bNLR
_c20091218
_gRCR
801 1 _aRU
_bNLR
_c20091218
830 _aавт. по кн.
942 _cBOOK
980 _aNB